Les Franqueses del Vallès : el teixit associatiu cultural : diagnosi i propostes d'actuació el teixit associatiu cultural :
Publicado:
Barcelona :
Diputació de Barcelona. Àrea de Cultura. Centre d'Estudis i Recursos Culturals (CERC) ,
2010
Descripción Física:
67 p. : il. col. , gràfics, quadres, taules ; 29 cm
MARC
| LEADER | 00000nam a2200000Ia 4500 | ||
|---|---|---|---|
| 001 | 23789 | ||
| 008 | 160829s2010 xx 000 0 cat d | ||
| 080 | |a Bib-40 | ||
| 245 | |a Les Franqueses del Vallès : |b el teixit associatiu cultural : |b diagnosi i propostes d'actuació | ||
| 260 | |a Barcelona : |b Diputació de Barcelona. Àrea de Cultura. Centre d'Estudis i Recursos Culturals (CERC), |c 2010 | ||
| 300 | |a 67 p. : |b il. col. , gràfics, quadres, taules ; |c 29 cm | ||
| 650 | |a Serveis municipals |x Barcelona (Província) |x Planificació |9 49239 | ||
| 710 | 1 | |a Franqueses del Vallès (Catalunya). |b Ajuntament |9 51398 | |
| 710 | 1 | |a Barcelona (Catalunya : Província). |b Centre d'Estudis i Recursos Culturals |9 52487 | |
| 901 | |a Arxiu | ||
| 942 | |n 1 | ||
| 952 | |0 0 |1 0 |4 0 |6 BIB40 |7 1 |9 55769 |a Arxiu |b Arxiu |d 2016-12-01 |l 0 |o Bib-40 |p 23789 |r 2016-12-01 00:00:00 |w 2016-12-01 |y ARXIU | ||
| 999 | |c 59642 |d 59642 | ||